Magyarország szerepe Közép-Európában. Dr. Czettler Antal történésszel beszélget Martos Gábor

Elmentve itt :
Bibliográfiai részletek
Szerző: MARTOS Gábor
Adatforrás:Meister
Forrásdokumentuma:A Hét. -
19 sz., 1996, 3-4 p.
Nyelv:magyar
Kulcsszavak:politikatörténet-interjú
Trianon
bécsi döntés (második, 1940)
kisebbségi kérdés
Magyarország
Erdély
CZETTLER Gábor
KOSSUTH Lajos
TELEKI Pál
HITLER Adolf
ANTONESCU Ion
LEADER 00715nab a2200241 i 4500
001 bibPRO00006049
008 060524s1996 xx hun
040 |a Sz1 
041 |a hun 
100 1 |a MARTOS Gábor 
245 1 0 |a Magyarország szerepe Közép-Európában. Dr. Czettler Antal történésszel beszélget Martos Gábor  |c MARTOS Gábor 
695 |a politikatörténet-interjú 
695 |a Trianon 
695 |a bécsi döntés (második, 1940) 
695 |a kisebbségi kérdés 
695 |a Magyarország 
695 |a Erdély 
695 |a CZETTLER Gábor 
695 |a KOSSUTH Lajos 
695 |a TELEKI Pál 
695 |a HITLER Adolf 
695 |a ANTONESCU Ion 
773 0 |t A Hét. -  |g 19 sz., 1996, 3-4 p.